Central Library OPAC University of Rajshahi
Normal view MARC view

Entry Topical Term

Number of records used in: 3

001 - CONTROL NUMBER

  • control field: 1474

003 - CONTROL NUMBER IDENTIFIER

  • control field: BD-RjUL

005 - DATE AND TIME OF LATEST TRANSACTION

  • control field: 20220220104428.0

008 - FIXED-LENGTH DATA ELEMENTS

  • fixed length control field: 220220|| aca||aabn | a|a d

040 ## - CATALOGING SOURCE

  • Original cataloging agency: BD-RjUL
  • Transcribing agency: BD-RjUL

150 ## - HEADING--TOPICAL TERM

  • Topical term or geographic name entry element: Urdu Literature
  • General subdivision: History & Criticism
  • Chronological subdivision: (1857 - 1950 AD.)

670 ## - SOURCE DATA FOUND

  • Source citation: Work cat.: (BD-RjUL)79421: মন্ডল, মো. মোকাররম হোসেন 1472, আধুনিক উর্দু গদ্য সাহিত্যের উৎপত্তি, চর্চা ও বিকাশ ( ১৮৫৭ - ১৯৫০ খ্রীষ্টাব্দ ), ২০১৩